Mediterranean Islands- Sudden Death! - Statistics

General Stats
  • This quiz has been taken 119 times
  • The average score is 17 of 19
Answers on the Grid
Answers color-coded by a green-red scale on the quiz's grid according to % correct below.
Antigua
Baffin
Bahrain
Bermuda
Chios
Corsica
Crete
Cyprus
Elba
Ellesmere
Euboea
Gozo
Hainan
Honshu
Ibiza
Jeju
Kerkyra (Corfu)
Krk
Lesbos
Madagascar
Majorca
Malta
Mindanao
Minorca
Naxos
Rhodes
Salsette
San Juan
Sardinia
Shetland
Sicily
Tahiti
Tierra del Fuego
Venice
 
Answer Stats
Answer % Correct
Corsica
100%
Crete
100%
Cyprus
100%
Ibiza
100%
Majorca
100%
Malta
100%
Minorca
100%
Sicily
100%
Lesbos
94%
Rhodes
94%
Sardinia
94%
Elba
89%
Kerkyra (Corfu)
83%
Naxos
83%
Chios
78%
Venice
72%
Euboea
67%
Krk
61%
Gozo
56%
No matching quizzes found
Score Distribution
Percent of People with Each Score
Percentile by Number Answered
Your Score History
You have not taken this quiz